El Diálogo de La Habana y la deuda /

Guardado en:
Bibliografiske detaljer
Hovedforfatter: Gorostiaga, Xavier
Format: Texto
Fag:
Tags: Tilføj Tag
Ingen Tags, Vær først til at tagge denne postø!

MARC

LEADER 00000 a a2200000 04500
001 12132
003
040
100 |a Gorostiaga, Xavier  
245 |a El Diálogo de La Habana y la deuda /  |c Xavier Gorostiaga 
650 |a CONDICIONES ECONOMICAS  
650 |a DEUDA EXTERNA  
650 |a RELACIONES INTERNACIONALES  
773 |g número 25; páginas 3-7  
999 |c 38866  |d 38866